[Event "Cairo Egyptian op"]
[Site "Cairo"]
[Date "2016.04.26"]
[Round "7"]
[White "Saber, Ibrahim"]
[Black "Aly, Khaled Mohamed"]
[Result "1-0"]
[WhiteElo "2230"]
[BlackElo "2038"]
[PlyCount "100"]
[EventDate "2016.04.22"]
[EventType "swiss"]
[EventRounds "9"]
[EventCountry "EGY"]
[SourceTitle "CBM 172 Extra"]
[Source "ChessBase"]
[SourceDate "2016.06.21"]
[SourceVersion "1"]
[SourceVersionDate "2016.06.21"]
[SourceQuality "1"]

1. Nf3 Nf6 2. g3 g6 3. Bg2 Bg7 4. c4 0-0 5. 0-0 c5 6. Nc3 d5 7. cxd5 Nxd5 8. Qa4 Nb4 9. a3 Bd7 10. Qb3 Be6 11. Qd1 Nd5 12. Ng5 Nxc3 13. dxc3 Qxd1 14. Rxd1 Bb3 15. Rd3 Nc6 16. Bf4 Rfd8 17. Ne4 c4 18. Rxd8+ Rxd8 19. Nc5 Na5 20. Nxb7 Nxb7 21. Bxb7 h5 22. Be3 Kh7 23. f4 e5 24. fxe5 Bxe5 25. Kf2 Rd7 26. Bc6 Rd6 27. Bf3 a5 28. a4 Ra6 29. Bd4 f6 30. e3 Bc2 31. Bd1 Be4 32. Be2 Bxd4 33. exd4 Rb6 34. Bxc4 Rxb2+ 35. Ke3 Bc6 36. d5 Bd7 37. Bb5 Bf5 38. c4 h4 39. Rd1 Rb3+ 40. Kf2 Rb2+ 41. Kg1 h3 42. d6 Rg2+ 43. Kf1 Rxh2 44. Rd4 Rh1+ 45. Kf2 Rh2+ 46. Kf3 g5 47. g4 Be6 48. d7 Bxd7 49. Rxd7+ Kg8 50. Bc6 Rh1 1-0

[Event "Cairo Egyptian op"]
[Site "Cairo"]
[Date "2015.11.23"]
[Round "10"]
[White "Saber, Ibrahim"]
[Black "Ibrahim, Mohamed"]
[Result "1-0"]
[WhiteElo "2265"]
[BlackElo "2144"]
[PlyCount "79"]
[EventDate "2015.11.15"]
[EventType "swiss"]
[EventRounds "11"]
[EventCountry "EGY"]
[SourceTitle "EXT 2017"]
[Source "ChessBase"]
[SourceDate "2016.10.25"]
[SourceVersion "1"]
[SourceVersionDate "2016.10.25"]
[SourceQuality "1"]

1. e4 c5 2. Nf3 d6 3. d4 cxd4 4. Nxd4 Nf6 5. Nc3 g6 6. Be2 Bg7 7. 0-0 0-0 8. Be3 Nc6 9. f3 Bd7 10. Qd2 Re8 11. Nb3 Be6 12. Nd4 Nxd4 13. Bxd4 Nd7 14. Bb5 a6 15. Bxd7 Qxd7 16. Bxg7 Kxg7 17. Ne2 Qc7 18. b3 b5 19. f4 Rec8 20. Rac1 Bg4 21. Nd4 Qc3 22. Qf2 Bd7 23. f5 f6 24. Rcd1 g5 25. Rd3 Qc5 26. h4 h6 27. Qf3 Qe5 28. Rf2 Rg8 29. Qe3 g4 30. Ne2 Bc6 31. Rd4 Kh7 32. Nf4 g3 33. Rf3 Rg4 34. Nd3 Rxe4 35. Nxe5 Rxe3 36. Nxc6 Re1+ 37. Rf1 Re2 38. Rd3 Rxc2 39. Nxe7 Re8 40. Nd5 1-0

[Event "EGY-ch Masters"]
[Site "Cairo"]
[Date "2009.11.19"]
[Round "5.1"]
[White "Saber, Ibrahim"]
[Black "Elzayady, Ahmed"]
[Result "0-1"]
[WhiteElo "2223"]
[BlackElo "2136"]
[PlyCount "25"]
[EventDate "2009.11.15"]
[EventType "swiss"]
[EventRounds "8"]
[EventCountry "EGY"]
[SourceTitle "EXT 2024"]
[Source "ChessBase"]
[SourceDate "2023.10.10"]
[SourceVersion "1"]
[SourceVersionDate "2023.10.10"]
[SourceQuality "1"]

1. e4 c5 2. Nf3 Nc6 3. Bb5 Qc7 4. 0-0 Nf6 5. Re1 a6 6. Bf1 d5 7. e5 Ng4 8. Qe2 f6 9. exf6 Nd4 10. Qxe7+ Bxe7 11. Rxe7+ Qxe7 12. fxe7 Nxc2 13. Na3 0-1

[Event "Cairo Heliopolis op 1st"]
[Site "Cairo"]
[Date "2009.09.06"]
[Round "4"]
[White "Amin, Ashraf"]
[Black "Saber, Ibrahim"]
[Result "1-0"]
[WhiteElo "2346"]
[BlackElo "2233"]
[PlyCount "133"]
[EventDate "2009.09.03"]
[EventType "swiss"]
[EventRounds "7"]
[EventCountry "EGY"]
[SourceTitle "CBM 132 Extra"]
[Source "ChessBase"]
[SourceDate "2009.11.03"]
[SourceVersion "1"]
[SourceVersionDate "2009.11.03"]
[SourceQuality "1"]

1. Nf3 c5 2. e3 d5 3. Bb5+ Bd7 4. Qe2 a6 5. Bxd7+ Nxd7 6. Nc3 Ngf6 7. d3 e5 8. e4 d4 9. Nb1 Bd6 10. Nh4 g6 11. Bh6 Bf8 12. Bxf8 Nxf8 13. Nd2 Ne6 14. Nc4 Nh5 15. g3 Qc7 16. a4 b6 17. a5 b5 18. Nb6 Rb8 19. Nd5 Qd8 20. 0-0 Nf6 21. Rae1 Nxd5 22. exd5 Qxd5 23. Qxe5 Qxe5 24. Rxe5 0-0 25. f4 c4 26. f5 Nd8 27. fxg6 hxg6 28. Rf6 cxd3 29. cxd3 Rc8 30. Rxa6 Rc1+ 31. Kf2 Nc6 32. Rxb5 Rc2+ 33. Ke1 Rc8 34. Nf3 Ne7 35. g4 Rg2 36. Kd1 Rxg4 37. Rf6 Nf5 38. Ne5 Rg2 39. Rc6 Ne3+ 40. Ke1 Nc2+ 41. Kf1 Ne3+ 42. Ke1 Nc2+ 43. Kd1 Ne3+ 44. Kc1 Rxc6+ 45. Nxc6 Rc2+ 46. Kb1 Rxc6 47. b4 f5 48. Rb6 Rc3 49. a6 Ra3 50. Kb2 Ra4 51. Kb3 Ra1 52. b5 Nd5 53. Rb7 f4 54. a7 Nb6 55. Rxb6 Rxa7 56. Rxg6+ Kh7 57. Rf6 Rc7 58. b6 Rb7 59. Kb4 Kg7 60. Rc6 f3 61. Kb5 Re7 62. Rc1 f2 63. Rf1 Re2 64. b7 Rb2+ 65. Kc6 Rc2+ 66. Kd5 Rb2 67. Rxf2 1-0

[Event "EGY-ch final"]
[Site "Cairo"]
[Date "2007.12.08"]
[Round "7"]
[White "Saber, Ibrahim"]
[Black "Ibrahim, Hatim"]
[Result "1-0"]
[WhiteElo "2268"]
[BlackElo "2280"]
[PlyCount "43"]
[EventDate "2007.12.01"]
[EventType "swiss"]
[EventRounds "9"]
[EventCountry "EGY"]
[SourceTitle "EXT 2019"]
[Source "ChessBase"]
[SourceDate "2018.10.10"]
[SourceVersion "1"]
[SourceVersionDate "2018.10.10"]
[SourceQuality "1"]

1. e4 c5 2. Nf3 g6 3. d4 Bg7 4. dxc5 Qa5+ 5. Nc3 Bxc3+ 6. bxc3 Qxc3+ 7. Bd2 Qxc5 8. Bd3 Nf6 9. Rb1 d6 10. 0-0 Nbd7 11. Rb5 Qc7 12. Bh6 a6 13. Rb1 b6 14. Qe2 Bb7 15. Rfe1 b5 16. h3 Rc8 17. a4 Nc5 18. axb5 Nfxe4 19. bxa6 Nc3 20. Qe3 Nxa6 21. Rxb7 Qxb7 22. Bxa6 1-0

[Event "EGY-ch final"]
[Site "Cairo"]
[Date "2007.12.05"]
[Round "5"]
[White "Saber, Ibrahim"]
[Black "Abou El Zein, Eid Mahmoud"]
[Result "1-0"]
[WhiteElo "2268"]
[BlackElo "2320"]
[PlyCount "95"]
[EventDate "2007.12.01"]
[EventType "swiss"]
[EventRounds "9"]
[EventCountry "EGY"]
[SourceTitle "EXT 2019"]
[Source "ChessBase"]
[SourceDate "2018.10.10"]
[SourceVersion "1"]
[SourceVersionDate "2018.10.10"]
[SourceQuality "1"]

1. e4 c5 2. Nf3 Nc6 3. c3 Nf6 4. e5 Nd5 5. d4 cxd4 6. Bc4 Nb6 7. Bb3 d5 8. exd6 Qxd6 9. 0-0 e6 10. cxd4 Be7 11. Nc3 0-0 12. a3 Rd8 13. Be3 Nd5 14. Qd3 f5 15. Rfe1 Bf6 16. Bg5 Bxg5 17. Nxg5 h6 18. Nf3 Nce7 19. Qd2 Bd7 20. Ne5 Rf8 21. f4 Rf6 22. Rac1 Bc6 23. Na4 Kh7 24. Nc5 b6 25. Ncd3 Bb7 26. Nc4 Qd8 27. Nce5 Rc8 28. Ba4 Ba6 29. Bb3 Bb7 30. Ba2 Rc7 31. b4 Ng6 32. Nxg6 Rxg6 33. Ne5 Rf6 34. Rxc7 Nxc7 35. a4 Qd6 36. Rc1 Nd5 37. Bxd5 Qxd5 38. Rc7 Rf8 39. h4 Rc8 40. Rxc8 Bxc8 41. Kh2 Bb7 42. Qf2 Qb3 43. Qg3 Qxa4 44. Qg6+ Kh8 45. Nf7+ Kg8 46. Nxh6+ Kh8 47. Nf7+ Kg8 48. Ng5 1-0

[Event "EGY-ch final"]
[Site "Cairo"]
[Date "2007.12.04"]
[Round "4"]
[White "Saber, Ibrahim"]
[Black "Wageih, Kareim"]
[Result "0-1"]
[WhiteElo "2268"]
[BlackElo "2108"]
[PlyCount "74"]
[EventDate "2007.12.01"]
[EventType "swiss"]
[EventRounds "9"]
[EventCountry "EGY"]
[SourceTitle "EXT 2019"]
[Source "ChessBase"]
[SourceDate "2018.10.10"]
[SourceVersion "1"]
[SourceVersionDate "2018.10.10"]
[SourceQuality "1"]

1. e4 c5 2. c3 d5 3. exd5 Qxd5 4. d4 Nf6 5. Nf3 Bg4 6. Be2 e6 7. 0-0 Nc6 8. Na3 cxd4 9. Nb5 0-0-0 10. Nbxd4 Bc5 11. Be3 e5 12. Nxc6 Qxc6 13. Qc1 Rhe8 14. b4 Bxe3 15. Qxe3 Qb6 16. Qxb6 axb6 17. Bb5 Re7 18. Ne1 Nd5 19. Bc4 Nxc3 20. Rc1 Rc7 21. Rxc3 b5 22. f3 Bd7 23. Nd3 bxc4 24. Nxe5 Be6 25. Re1 f6 26. Ng4 Bxg4 27. fxg4 b5 28. a4 bxa4 29. Re4 a3 30. Rxa3 Rd1+ 31. Kf2 c3 32. Ra8+ Kb7 33. Ree8 c2 34. b5 Rd2+ 35. Ke3 Rc3+ 36. Kf4 Rd4+ 37. Kf5 Rc5+ 0-1

[Event "EGY-chT 0708"]
[Site "Egypt"]
[Date "2007.11.23"]
[Round "3"]
[White "Mosallam, Hossam"]
[Black "Saber, Ibrahim"]
[Result "0-1"]
[WhiteElo "2074"]
[BlackElo "2258"]
[PlyCount "62"]
[EventDate "2007.11.02"]
[EventType "team-tourn"]
[EventRounds "3"]
[EventCountry "EGY"]
[SourceTitle "EXT 2009"]
[Source "ChessBase"]
[SourceDate "2008.11.26"]
[SourceVersion "1"]
[SourceVersionDate "2008.11.26"]
[SourceQuality "1"]
[WhiteTeam "El Ethad"]
[BlackTeam "Sokar Hawamdya"]
[WhiteTeamCountry "EGY"]
[BlackTeamCountry "EGY"]

1. c4 c5 2. Nf3 Nf6 3. d4 cxd4 4. Nxd4 g6 5. Nc3 Bg7 6. e4 d6 7. Be2 0-0 8. Be3 Nc6 9. 0-0 h6 10. f3 Bd7 11. Qd2 Kh7 12. Rfd1 Rc8 13. Rac1 Ne5 14. Nd5 Nxd5 15. cxd5 a6 16. h3 g5 17. Qb4 Rxc1 18. Rxc1 Qb8 19. Nb3 Rc8 20. Na5 Rxc1+ 21. Bxc1 Qc7 22. Be3 Qc2 23. Qd2 Qb1+ 24. Kf2 Bb5 25. b3 Nd3+ 26. Bxd3 Bxd3 27. Kg3 Be5+ 28. Kg4 Bxe4 29. f4 h5+ 30. Kxg5 Bf6+ 31. Kxh5 Bf3+ 0-1

[Event "EGY-chT 0708"]
[Site "Egypt"]
[Date "2007.11.09"]
[Round "2"]
[White "Elzayady, Ahmed"]
[Black "Saber, Ibrahim"]
[Result "0-1"]
[WhiteElo "2140"]
[BlackElo "2258"]
[PlyCount "86"]
[EventDate "2007.11.02"]
[EventType "team-tourn"]
[EventRounds "3"]
[EventCountry "EGY"]
[SourceTitle "EXT 2009"]
[Source "ChessBase"]
[SourceDate "2008.11.26"]
[SourceVersion "1"]
[SourceVersionDate "2008.11.26"]
[SourceQuality "1"]
[WhiteTeam "El Moatmadya"]
[BlackTeam "Sokar Hawamdya"]
[WhiteTeamCountry "EGY"]
[BlackTeamCountry "EGY"]

1. d4 d5 2. Nf3 Nf6 3. c4 e6 4. Nc3 c6 5. e3 Be7 6. Qc2 0-0 7. Bd2 a6 8. a4 c5 9. cxd5 exd5 10. dxc5 Bxc5 11. Be2 Nc6 12. 0-0 d4 13. exd4 Nxd4 14. Nxd4 Bxd4 15. Rad1 Qc7 16. Qd3 Be5 17. h3 Be6 18. f4 Rad8 19. Qf3 Bd4+ 20. Kh1 Bb3 21. Rc1 Qd7 22. a5 Rfe8 23. Bd1 Bc4 24. Ba4 Bb5 25. Bxb5 axb5 26. b3 Bxc3 27. Bxc3 Ne4 28. Ba1 f5 29. Rfe1 Qd2 30. Kh2 Qxa5 31. Qh5 Rf8 32. Be5 Rf7 33. Red1 Rdf8 34. Qe2 Qb4 35. Rd3 h6 36. Rb1 b6 37. Rd5 Nc5 38. Qe3 Qe4 39. Qxe4 fxe4 40. b4 Nd3 41. Rxb5 Rd8 42. Bc7 Rxc7 43. Rxb6 Re8 0-1

[Event "EGY-chT 0708"]
[Site "Egypt"]
[Date "2007.11.02"]
[Round "1"]
[White "Nashaat, Esam"]
[Black "Saber, Ibrahim"]
[Result "1-0"]
[WhiteElo "2074"]
[BlackElo "2258"]
[PlyCount "104"]
[EventDate "2007.11.02"]
[EventType "team-tourn"]
[EventRounds "3"]
[EventCountry "EGY"]
[SourceTitle "EXT 2009"]
[Source "ChessBase"]
[SourceDate "2008.11.26"]
[SourceVersion "1"]
[SourceVersionDate "2008.11.26"]
[SourceQuality "1"]
[WhiteTeam "Asiut"]
[BlackTeam "Sokar Hawamdya"]
[WhiteTeamCountry "EGY"]
[BlackTeamCountry "EGY"]

1. d4 d5 2. c4 dxc4 3. e3 e5 4. Bxc4 exd4 5. exd4 Nf6 6. Nf3 Bd6 7. h3 h6 8. Nc3 0-0 9. 0-0 a6 10. a4 Bf5 11. Qb3 Nc6 12. a5 Nb4 13. Ne1 Qd7 14. Ne2 Rfe8 15. Bf4 Bg6 16. Bd2 Nc6 17. Nf3 Ne4 18. Bf4 Rab8 19. Rfd1 Qe7 20. Bxd6 Nxd6 21. Ng3 Nxc4 22. Qxc4 Qf6 23. b4 Be4 24. Nxe4 Rxe4 25. Qd3 Qf5 26. Qc3 Qd5 27. Rac1 Rd8 28. Re1 f5 29. Re3 Kh7 30. Rce1 Rde8 31. Nd2 Rxe3 32. Rxe3 Rxe3 33. fxe3 Qb5 34. Qc2 Nxb4 35. Qxc7 Qe2 36. Nf1 Nd3 37. Qg3 Nb4 38. Qf4 Qd3 39. Ng3 Nc6 40. Nxf5 Nxa5 41. Qe5 Qd1+ 42. Kh2 Kg6 43. Qxa5 Qd3 44. Nh4+ Kh7 45. Qe5 Qb3 46. Nf5 Qf7 47. Nd6 Qc7 48. e4 a5 49. Qf5+ Kg8 50. e5 b5 51. Qe6+ Kh7 52. Qd5 Qb6 1-0